000
00317 a2200169 4500
001
187683
020
_a
85-02-05878-9
040
_c
Magnum
100
_a
Lopes, Sônia
240
1
0
_a
Bio 1
_l
por
245
1
0
_a
Bio 1
300
_a
479
362
0
_a
2006
440
1
_a
Saraiva
697
_a
BIOLOGIA
942
_c
BK
999
_c
187683
_d
187683